000 00387nam a22001577a 4500
003 SGT
020 _a978-1-4963-3151-9
082 _a612.8
_bN18B
100 _aBHATNAGAR, SUBHASH
245 _aNEUROSCIENCE FOR THE STUDY OF COMMUNICATIVE DISORDERS
250 _a5TH
260 _aPHILADELPHIA
_bWOLTERS KLUWER
_c2018
300 _a582
650 _aHUMAN PHYSIOLOGY
942 _2ddc
_cBK
999 _c19650
_d19650